000 00709nam a22001817a 4500
999 _c371693
_d371693
008 201127b ||||| |||| 00| 0 eng d
040 _aDE-2950
_bger
_cDE-2950
_erda
041 _ager
245 _aDas Ende der Testzentren naht.
_bPandemie: Noch können sich Bürger kostenlos auf Corona testen lassen. Doch besonder viel los ist in den Anlaufstellen nicht mehr/
_cPhilipp Stepputtis
264 _c2022
653 _aFrankfurt (Oder)
653 _aTestzentren
773 _dFrankfurt (Oder) Märkisches Verlags- und Druckhaus GmbH & Co KG
_tMärkische Oderzeitung
_g33. Jahrgang (2022) Nr. 142 vom 21.06.2022, S. 13
942 _cA